000 01327nam a2200313 4500
003 EC-UNACH
005 20240126122607.0
006 s||||gr|||| 00| 00
008 150116t9999 mx r gr 000 0 spa d
020 _a978-607-7686-45-3
040 _aEC-UNACH
_cEC-UNACH
041 _aEspañol
082 0 4 _223
_a621.310.4
_bL015694
100 _aHermosa Donate, Antonio
245 _aPrincipios de electricidad y electrónica I
250 _aTercera edición
264 _aMéxico
_bAlfaomega Grupo Editor, S.A.
_c2009
300 _a347 páginas,
_bFiguras
_c23 x 17 centímetros
501 _aIncluye índice general, apéndice
505 _aPrincipios fundamentales de la electricidad -- 2. El circuito eléctrico. Efectos y medidas de la corriente -- 3. Resistencia eléctrica -- 4. Introducción al cálculo de circuitos: Ley de Ohm -- 5. Métodos de análisis y cálculo de circuitos -- 6. Energía y potencia eléctrica 7. Condensadores. Principios básicos -- 8. Circuitos prácticos con condensadores -- 9. Generadores de electricidad. Conceptos básicos.
650 _aLEY DE COULOMB
650 _aCORRIENTE ALTERNA
650 _aAMPERÍMETRO
650 _aVOLTÍMETRO
942 _2ddc
_c1
999 _c12114